Marvel Or Dc Characters #3 - Statistics

General Stats
  • This quiz has been taken 169 times
  • The average score is 14 of 15
Answer Stats
Question Answer % Correct
Robin DC
100%
Mary Jane Marvel
99%
Riddler DC
97%
Lois Lane DC
97%
Two Face DC
97%
Juggernaut Marvel
97%
Calendar Man DC
96%
Red Guardian Marvel
96%
Silver Surfer Marvel
96%
Clay Face DC
95%
Ghost Rider Marvel
95%
Jean Grey Marvel
92%
Iceman Marvel
88%
Condiment King DC
86%
Atrocitus DC
79%
No matching quizzes found
Score Distribution
Percent of People with Each Score
Percentile by Number Answered
Your Score History
You have not taken this quiz